000 00668nam a2200289Ia 4500
005 20260324142935.0
008 008 260324s9999 xx 000 0 eng d
020 _a9780203069462
037 _aEBOOK
040 _aCRL
040 _beng
040 _cCRL
041 _2eng
041 _aeng
084 _qCRL
100 _aJohn Heath
_91213801
245 0 _aRevitalizing Socialist Enterprise
245 2 _bA Race Against Time
260 _bTaylor and Francis
260 _c1993
365 _a
365 _b240
856 _uhttp://www.taylorfrancis.com/books/9780203069462
942 _cEBOOK
999 _c1818599
_d1818599